00173nam a2200073Ia 4500008004100000082001600041100001000057245003200067240331s9999 xx 000 0 und d a300.72bRES aICSSR 0aReseach abstracts quarterly